[Event "7MCR_4D_1L_1S"]
[Site "?"]
[Date "2006.??.??"]
[Round "?"]
[White "Necesany, Zdenek"]
[Black "Trs, Jan"]
[Result "1-0"]
[WhiteElo "2190"]
[BlackElo "2252"]
[PlyCount "91"]
[EventDate "2006.??.??"]
[EventType "corr"]

1. d4 Nf6 2. c4 g6 3. Nc3 d5 4. cxd5 Nxd5 5. e4 Nxc3 6. bxc3 Bg7 7. Bc4 c5 8.
Ne2 Nc6 9. Be3 O-O 10. O-O Qc7 11. Rc1 Rd8 12. Bf4 Qd7 13. d5 Na5 14. Bb3 b5
15. Be3 Qc7 16. c4 bxc4 17. Bxc4 Nxc4 18. Rxc4 Ba6 19. Rxc5 Qe5 20. f3 e6 21.
Bd4 Qg5 22. Re1 exd5 23. Nc3 Bxd4+ 24. Qxd4 dxe4 25. Rd5 Qe7 26. Rd1 Rxd5 27.
Nxd5 Qf8 28. Qxe4 Rd8 29. Qe5 h6 30. a4 Kh7 31. h4 Bc8 32. Qd4 Rxd5 33. Qxd5
Be6 34. Qe5 a6 35. Rd6 a5 36. Ra6 Qd8 37. Rxa5 Qb6+ 38. Kh2 Qb7 39. h5 gxh5 40.
Qe4+ Qxe4 41. fxe4 Bc4 42. Rxh5 Kg6 43. g4 Bd3 44. e5 f6 45. exf6 Kxf6 46.
Rxh6+ 1-0

[Event "7MCR_4D_1L_1S"]
[Site "?"]
[Date "2006.??.??"]
[Round "?"]
[White "Nedoma, Petr"]
[Black "Hostinsky, Jiri"]
[Result "1-0"]
[WhiteElo "2298"]
[BlackElo "2403"]
[PlyCount "93"]
[EventDate "2006.??.??"]
[EventType "corr"]

1. d4 Nf6 2. Bg5 c5 3. d5 Qb6 4. Nc3 Qxb2 5. Bd2 Qb6 6. e4 d6 7. f4 Qc7 8. Nf3
Bg4 9. h3 Bxf3 10. Qxf3 a6 11. a4 Nbd7 12. a5 g6 13. Bc4 Bg7 14. O-O O-O 15.
Rfb1 Rfb8 16. Ra2 Ne8 17. Qd3 b5 18. axb6 Rxb6 19. Rba1 Nb8 20. Kh2 Qc8 21. Na4
Rb7 22. Bc3 Nc7 23. Bxg7 Kxg7 24. Nc3 Rb6 25. Na4 Rb4 26. c3 Rb7 27. Nb2 Raa7
28. Nd1 Rb6 29. Qg3 Nd7 30. Ne3 Qf8 31. Be2 Rb3 32. Bd1 Rxc3 33. Nf5+ Kg8 34.
Qxc3 gxf5 35. exf5 Nxd5 36. Qg3+ Qg7 37. Rxa6 Qxg3+ 38. Kxg3 Rxa6 39. Rxa6 Ne3
40. Bf3 Nf8 41. f6 exf6 42. Kf2 Nf5 43. Be4 Nd4 44. Rxd6 Kg7 45. f5 Nb5 46. Rd8
Na3 47. Bd3 1-0

[Event "7MCR_4D_1L_1S"]
[Site "?"]
[Date "2006.??.??"]
[Round "?"]
[White "Nedoma, Petr"]
[Black "Mezera, Lukas"]
[Result "1-0"]
[WhiteElo "2298"]
[BlackElo "2284"]
[PlyCount "41"]
[EventDate "2006.??.??"]
[EventType "corr"]

1. d4 Nf6 2. Bg5 d5 3. e3 Ne4 4. Bf4 c5 5. Nd2 Qb6 6. Nxe4 dxe4 7. dxc5 Qxb2 8.
Qd4 Qa3 9. Bxb8 Qa5+ 10. c3 Rxb8 11. Rd1 Bf5 12. g4 Bxg4 13. f3 Be6 14. Bc4 b5
15. Bxe6 fxe6 16. Qd7+ Kf7 17. Ne2 g5 18. O-O Qxa2 19. fxe4+ Kg6 20. Rd5 Qa6
21. Rd6 1-0

[Event "7MCR_4D_1L_1S"]
[Site "?"]
[Date "2006.??.??"]
[Round "?"]
[White "Nedoma, Petr"]
[Black "Necesany, Zdenek"]
[Result "1-0"]
[WhiteElo "2298"]
[BlackElo "2190"]
[PlyCount "93"]
[EventDate "2006.??.??"]
[EventType "corr"]

1. d4 d5 2. c4 e6 3. Nc3 Nf6 4. Nf3 c6 5. cxd5 exd5 6. Qc2 g6 7. Bg5 Bg7 8. e3
Bf5 9. Bd3 Bxd3 10. Qxd3 O-O 11. O-O Nbd7 12. b4 Re8 13. b5 Qa5 14. bxc6 bxc6
15. Bxf6 Nxf6 16. Nd2 Rac8 17. Rfc1 Red8 18. Rc2 Rb8 19. Rac1 Qa3 20. Nb3 Bf8
21. Nb1 Qa4 22. Qe2 Rdc8 23. h3 Ne4 24. f3 Nd6 25. Nc5 Qb5 26. Qf2 Rd8 27. Nd2
Bh6 28. Rb1 Qa5 29. Ndb3 Qa3 30. Rd1 Nc4 31. Rd3 Rbc8 32. e4 a5 33. Kh2 dxe4
34. fxe4 Qb4 35. a4 Ne5 36. Rdc3 Bg7 37. g3 Nd7 38. Rc4 Qb6 39. Nxd7 Rxd7 40.
Nc5 Rdc7 41. e5 Rd8 42. h4 h5 43. Ne4 Qb1 44. Ng5 Rb8 45. e6 f6 46. Nh3 Qd1 47.
Rc1 1-0

[Event "7MCR_4D_1L_1S"]
[Site "?"]
[Date "2006.??.??"]
[Round "?"]
[White "Nedoma, Petr"]
[Black "Nejtek, Jiri"]
[Result "1/2-1/2"]
[WhiteElo "2298"]
[BlackElo "2360"]
[PlyCount "60"]
[EventDate "2006.??.??"]
[EventType "corr"]

1. d4 d5 2. c4 e6 3. Nc3 c6 4. Nf3 dxc4 5. e3 b5 6. a4 Bb4 7. Bd2 a5 8. axb5
Bxc3 9. Bxc3 cxb5 10. b3 Bb7 11. d5 Nf6 12. bxc4 b4 13. Bxf6 Qxf6 14. Qa4+ Nd7
15. Nd4 e5 16. Nb3 Ke7 17. Be2 Qd6 18. O-O Nc5 19. Nxc5 Qxc5 20. Bf3 Kd6 21.
Qc2 Bc8 22. Qe4 f5 23. Qh4 a4 24. Bd1 Bd7 25. Qg5 Rhg8 26. Bc2 b3 27. Bxf5 b2
28. Ra2 a3 29. Bd3 Qb4 30. f4 Qc3 1/2-1/2

[Event "7MCR_4D_1L_1S"]
[Site "?"]
[Date "2006.??.??"]
[Round "?"]
[White "Nedoma, Petr"]
[Black "Pytlik, Lesek"]
[Result "1/2-1/2"]
[WhiteElo "2298"]
[BlackElo "2387"]
[PlyCount "61"]
[EventDate "2006.??.??"]
[EventType "corr"]

1. d4 Nf6 2. Bg5 Ne4 3. Bf4 c5 4. f3 Qa5+ 5. c3 Nf6 6. Nd2 cxd4 7. Nb3 Qb6 8.
cxd4 a5 9. a4 Nc6 10. e4 e5 11. dxe5 Nh5 12. Bc1 Bb4+ 13. Ke2 Nxe5 14. g4 Nf6
15. Be3 Qc7 16. Rc1 Nc6 17. Kf2 O-O 18. Ne2 Re8 19. g5 Nh5 20. Nc3 Nf4 21. Nd4
b6 22. Nf5 Qe5 23. Nb5 Ba6 24. Rc2 Bxb5 25. Bxb5 Nh3+ 26. Kf1 Bc5 27. Rxc5 bxc5
28. Qxd7 Rad8 29. Qxc6 Re6 30. Qxc5 Qxc5 31. Bxc5 1/2-1/2

[Event "7MCR_4D_1L_1S"]
[Site "?"]
[Date "2006.??.??"]
[Round "?"]
[White "Nedoma, Petr"]
[Black "Tomecek, Jan"]
[Result "0-1"]
[WhiteElo "2298"]
[BlackElo "2310"]
[PlyCount "144"]
[EventDate "2006.??.??"]
[EventType "corr"]

1. d4 d5 2. c4 c6 3. Nc3 Nf6 4. cxd5 cxd5 5. Nf3 Nc6 6. Bf4 Nh5 7. Bg5 h6 8.
Bd2 Nf6 9. e3 e6 10. Ne5 Nxe5 11. dxe5 Nd7 12. f4 Be7 13. Rc1 O-O 14. Qg4 Nc5
15. b4 Ne4 16. Nxe4 dxe4 17. Be2 Bd7 18. O-O Qb6 19. a3 Rad8 20. Qh3 Bb5 21.
Bxb5 Qxb5 22. Bc3 Rc8 23. Qg3 Qa4 24. Bb2 Rxc1 25. Rxc1 Rd8 26. Qe1 Rd3 27. h3
Qb3 28. Bd4 Qxa3 29. Ra1 Qb3 30. Rb1 Qa2 31. Ra1 Qc4 32. Rc1 Qb5 33. Rb1 a6 34.
Qc1 Bh4 35. Kh2 Rxd4 36. exd4 Qd3 37. Rb2 Bg3+ 38. Kh1 Qxd4 39. Rc2 e3 40. Rc4
Qd2 41. Qxd2 exd2 42. Rd4 Bxf4 43. g3 Bxg3 44. Rd8+ Kh7 45. Rxd2 g5 46. Rd7 Kg6
47. Rxb7 Bxe5 48. Rb6 Bc3 49. Kg2 h5 50. Kf1 Kf5 51. Ke2 g4 52. Rb7 f6 53. Rh7
Kg6 54. Rc7 Bxb4 55. hxg4 hxg4 56. Rc4 a5 57. Rxg4+ Kf5 58. Rd4 Ke5 59. Kd3 Bd6
60. Re4+ Kd5 61. Rd4+ Kc6 62. Ra4 Bb4 63. Kc4 f5 64. Ra1 Kd6 65. Rh1 Ke5 66.
Rh4 Ba3 67. Kd3 Bc5 68. Kc4 Bd6 69. Rh7 Ba3 70. Rh3 Bc1 71. Rb3 Ke4 72. Rb6 e5
0-1

[Event "7MCR_4D_1L_1S"]
[Site "?"]
[Date "2006.??.??"]
[Round "?"]
[White "Nedoma, Petr"]
[Black "Trs, Jan"]
[Result "1-0"]
[WhiteElo "2298"]
[BlackElo "2252"]
[PlyCount "83"]
[EventDate "2006.??.??"]
[EventType "corr"]

1. d4 Nf6 2. Bg5 e6 3. e4 h6 4. Bxf6 Qxf6 5. e5 Qe7 6. c3 d6 7. Nf3 Nc6 8. Bb5
Bd7 9. exd6 Qxd6 10. Nbd2 O-O-O 11. O-O Qf4 12. Re1 Kb8 13. b4 h5 14. Ne4 Bd6
15. Nc5 Be8 16. Qa4 Ne7 17. Bxe8 Rhxe8 18. Qb5 Bxc5 19. bxc5 c6 20. Qa4 Nd5 21.
Ne5 Rc8 22. Rab1 Ka8 23. Qa5 Qd2 24. Nc4 Qxc3 25. Qa4 Re7 26. Red1 Rd8 27. h3
g5 28. Ne5 Rb8 29. Rb3 b5 30. Nxc6 Rc7 31. Rxb5 Rxb5 32. Qxb5 Rb7 33. Qe2 Rc7
34. Nd8 Qb4 35. Nxf7 Qb7 36. Nd6 Nf4 37. Qf1 Qb2 38. Re1 h4 39. Re4 Qxa2 40.
Rxf4 gxf4 41. Qb5 a6 42. Qb6 1-0

[Event "7MCR_4D_1L_1S"]
[Site "?"]
[Date "2006.??.??"]
[Round "?"]
[White "Nejtek, Jiri"]
[Black "Hostinsky, Jiri"]
[Result "1-0"]
[WhiteElo "2360"]
[BlackElo "2403"]
[PlyCount "103"]
[EventDate "2006.??.??"]
[EventType "corr"]

1. e4 c5 2. Nf3 Nc6 3. d4 cxd4 4. Nxd4 Nf6 5. Nc3 d6 6. Bg5 e6 7. Qd2 Be7 8.
O-O-O O-O 9. f3 a6 10. h4 Nxd4 11. Qxd4 b5 12. Kb1 Rb8 13. Qd2 b4 14. Ne2 a5
15. Nd4 Bd7 16. g4 a4 17. Be3 b3 18. cxb3 axb3 19. a3 Qc7 20. h5 e5 21. Rc1 Qb7
22. Nf5 Bxf5 23. gxf5 d5 24. h6 Rfc8 25. Bd3 Rxc1+ 26. Rxc1 dxe4 27. Qg2 Bf8
28. fxe4 Rc8 29. Bc4 Nxe4 30. Ka1 Qa8 31. Bxb3 Nd6 32. Qg5 Ne4 33. Qg1 Rxc1+
34. Bxc1 Qc8 35. hxg7 Be7 36. Bh6 Qxf5 37. Qa7 Qf1+ 38. Ka2 Qf6 39. Qa8+ Bd8
40. Qd5 Bb6 41. a4 Nd6 42. Qa8+ Bd8 43. Bd2 Kxg7 44. a5 Nf5 45. a6 Nd4 46. Qg2+
Kh8 47. Bc4 Bb6 48. Qb7 Kg7 49. Ba5 Bc5 50. Bb4 Bb6 51. Qb8 Nf5 52. Qf8+ 1-0

[Event "7MCR_4D_1L_1S"]
[Site "?"]
[Date "2006.??.??"]
[Round "?"]
[White "Nejtek, Jiri"]
[Black "Hybl, Vladislav"]
[Result "1/2-1/2"]
[WhiteElo "2360"]
[BlackElo "2303"]
[PlyCount "76"]
[EventDate "2006.??.??"]
[EventType "corr"]

1. e4 c5 2. Nf3 Nc6 3. d4 cxd4 4. Nxd4 Nf6 5. Nc3 e5 6. Ndb5 d6 7. Bg5 a6 8.
Na3 b5 9. Nd5 Be7 10. Bxf6 Bxf6 11. c3 O-O 12. Nc2 Bg5 13. a4 bxa4 14. Rxa4 a5
15. Bc4 Rb8 16. b3 Kh8 17. Nce3 g6 18. O-O f5 19. exf5 gxf5 20. Qh5 e4 21. Rfa1
f4 22. Ng4 Bf5 23. b4 axb4 24. cxb4 f3 25. Rd1 Bg6 26. Qh3 Ne7 27. b5 Nxd5 28.
Rxd5 Bf7 29. gxf3 Bxd5 30. Bxd5 Qc7 31. fxe4 Rxb5 32. Kg2 Qg7 33. Ra8 Rxa8 34.
Bxa8 Rc5 35. Bd5 Bd2 36. Qh5 Qg6 37. Qxg6 hxg6 38. Nf6 Bf4 1/2-1/2

[Event "7MCR_4D_1L_1S"]
[Site "?"]
[Date "2006.??.??"]
[Round "?"]
[White "Nejtek, Jiri"]
[Black "Mezera, Lukas"]
[Result "1-0"]
[WhiteElo "2360"]
[BlackElo "2284"]
[PlyCount "105"]
[EventDate "2006.??.??"]
[EventType "corr"]

1. e4 e5 2. Nf3 Nc6 3. Bb5 a6 4. Ba4 Nf6 5. O-O Be7 6. Re1 b5 7. Bb3 d6 8. c3
O-O 9. h3 Bb7 10. d4 Re8 11. Nbd2 Bf8 12. d5 Nb8 13. Nf1 Nbd7 14. Ng3 Nc5 15.
Bc2 c6 16. b4 Ncd7 17. dxc6 Bxc6 18. Bb3 Nb6 19. Nh2 d5 20. Bg5 dxe4 21. Qe2
Qd3 22. Bxf6 Qxe2 23. Rxe2 gxf6 24. Ng4 Kg7 25. Nh5+ Kg6 26. Ngxf6 Red8 27. Bc2
Rac8 28. g4 Kh6 29. f4 exf4 30. h4 Nd7 31. g5+ Kg6 32. Nxf4+ Kg7 33. N4h5+ Kh8
34. Nxe4 Ne5 35. Nhf6 h6 36. Rf1 Rc7 37. gxh6 Bxh6 38. Ng5 Nc4 39. Rff2 Nd6 40.
Re5 Kg7 41. Nh5+ Kh8 42. Rc5 Rdc8 43. Rf6 Bf8 44. Bb3 Nc4 45. Rcf5 Ne3 46.
Nxf7+ Rxf7 47. Rg5 Be7 48. Rxf7 Bxg5 49. hxg5 Rg8 50. Kf2 Ng4+ 51. Kg3 Nh6 52.
Kf4 Nxf7 53. Bxf7 1-0

[Event "7MCR_4D_1L_1S"]
[Site "?"]
[Date "2006.??.??"]
[Round "?"]
[White "Nejtek, Jiri"]
[Black "Necesany, Zdenek"]
[Result "1-0"]
[WhiteElo "2360"]
[BlackElo "2190"]
[PlyCount "89"]
[EventDate "2006.??.??"]
[EventType "corr"]

1. e4 e5 2. Nf3 Nc6 3. Bb5 a6 4. Ba4 Nf6 5. O-O Be7 6. Re1 b5 7. Bb3 O-O 8. h3
d6 9. c3 Na5 10. Bc2 c5 11. d4 Qc7 12. Nbd2 cxd4 13. cxd4 Bb7 14. d5 Rac8 15.
Bd3 Nd7 16. Nf1 f5 17. Ng3 f4 18. Nf5 Bd8 19. b3 b4 20. Bd2 g6 21. Nh6+ Kg7 22.
Ng4 Nc5 23. Bxb4 Qb6 24. Bxc5 Rxc5 25. Rb1 Rc7 26. b4 Nc4 27. Qb3 h5 28. Ngh2
Bc8 29. Rec1 g5 30. Rxc4 g4 31. Rxc7+ Qxc7 32. Nd2 Qa7 33. Qc2 Be7 34. Nc4 Bd7
35. Qe2 g3 36. Nf3 h4 37. Na5 Rc8 38. Bxa6 Rc3 39. Nc6 Bxc6 40. dxc6 Rxc6 41.
b5 Qb6 42. a4 Rc3 43. a5 Qc5 44. b6 Rc2 45. b7 1-0

[Event "7MCR_4D_1L_1S"]
[Site "?"]
[Date "2006.??.??"]
[Round "?"]
[White "Nejtek, Jiri"]
[Black "Pytlik, Lesek"]
[Result "1/2-1/2"]
[WhiteElo "2360"]
[BlackElo "2387"]
[PlyCount "51"]
[EventDate "2006.??.??"]
[EventType "corr"]

1. e4 e6 2. d4 d5 3. Nd2 c5 4. exd5 Qxd5 5. Ngf3 cxd4 6. Bc4 Qd6 7. O-O Nf6 8.
Nb3 Nc6 9. Nbxd4 Nxd4 10. Nxd4 a6 11. Bb3 Qc7 12. Qf3 Bd6 13. h3 Bh2+ 14. Kh1
Be5 15. c3 h6 16. Be3 Bd7 17. Rfe1 O-O 18. Re2 Rfd8 19. Rae1 Rac8 20. Bxh6 Bxd4
21. cxd4 Bc6 22. Qe3 gxh6 23. Qxh6 Nh7 24. Re5 Bd5 25. R1e3 f6 26. Rxe6 1/2-1/2

[Event "7MCR_4D_1L_1S"]
[Site "?"]
[Date "2006.??.??"]
[Round "?"]
[White "Nejtek, Jiri"]
[Black "Tomecek, Jan"]
[Result "1/2-1/2"]
[WhiteElo "2360"]
[BlackElo "2310"]
[PlyCount "59"]
[EventDate "2006.??.??"]
[EventType "corr"]

1. e4 c5 2. Nf3 d6 3. d4 cxd4 4. Nxd4 Nf6 5. Nc3 a6 6. Be2 e5 7. Nb3 Be7 8. O-O
Be6 9. Qd3 Nc6 10. a3 d5 11. exd5 Nxd5 12. Nxd5 Qxd5 13. Qg3 O-O 14. Rd1 Qe4
15. Bd3 Qg4 16. Qxg4 Bxg4 17. f3 Be6 18. Be3 Rad8 19. Nc5 Bc8 20. c3 g6 21. b4
Kg7 22. a4 f5 23. Bc4 Rxd1+ 24. Rxd1 Rd8 25. Rxd8 Nxd8 26. a5 Kf6 27. h4 h6 28.
g3 g5 29. hxg5+ hxg5 30. Kf2 1/2-1/2

[Event "7MCR_4D_1L_1S"]
[Site "?"]
[Date "2006.??.??"]
[Round "?"]
[White "Nejtek, Jiri"]
[Black "Trs, Jan"]
[Result "1-0"]
[WhiteElo "2360"]
[BlackElo "2252"]
[PlyCount "83"]
[EventDate "2006.??.??"]
[EventType "corr"]

1. e4 c5 2. Nf3 d6 3. d4 cxd4 4. Nxd4 Nf6 5. Nc3 a6 6. Be3 Ng4 7. Bg5 h6 8. Bh4
g5 9. Bg3 Bg7 10. h3 Ne5 11. Nf5 Bxf5 12. exf5 Nbd7 13. Be2 Nc6 14. O-O Bxc3
15. bxc3 Qa5 16. Bf3 Nde5 17. Bxe5 dxe5 18. Rb1 Qc7 19. Bd5 Rd8 20. c4 Rd6 21.
Re1 O-O 22. Qh5 Rf6 23. h4 gxh4 24. Re4 b6 25. c3 Kh8 26. Rxh4 Nb8 27. g4 Qd6
28. Rd1 Rd8 29. Bf3 Qxd1+ 30. Bxd1 Rxd1+ 31. Kg2 Rdd6 32. g5 Rxf5 33. Qg4 Rf4
34. Rxh6+ Rxh6 35. Qc8+ Kh7 36. gxh6 Kxh6 37. Qxb8 f6 38. Qxb6 Rxc4 39. Qd8
Rg4+ 40. Kf1 Kg5 41. c4 Rd4 42. Qg8+ 1-0

[Event "7MCR_4D_1L_1S"]
[Site "?"]
[Date "2006.??.??"]
[Round "?"]
[White "Pecka, Josef"]
[Black "Hostinsky, Jiri"]
[Result "1/2-1/2"]
[WhiteElo "2261"]
[BlackElo "2403"]
[PlyCount "35"]
[EventDate "2006.??.??"]
[EventType "corr"]

1. e4 c5 2. Nf3 Nc6 3. d4 cxd4 4. Nxd4 Nf6 5. Nc3 d6 6. Bg5 e6 7. Qd2 Be7 8.
O-O-O O-O 9. Ndb5 Qa5 10. Bxf6 Bxf6 11. Nxd6 Rd8 12. f4 e5 13. Qd5 Qc7 14. Bc4
Be6 15. Qc5 exf4 16. Nd5 Bxd5 17. Rxd5 b6 18. Nxf7 1/2-1/2

[Event "7MCR_4D_1L_1S"]
[Site "?"]
[Date "2006.??.??"]
[Round "?"]
[White "Pecka, Josef"]
[Black "Mezera, Lukas"]
[Result "1-0"]
[WhiteElo "2261"]
[BlackElo "2284"]
[PlyCount "91"]
[EventDate "2006.??.??"]
[EventType "corr"]

1. e4 c5 2. Nf3 d6 3. d4 cxd4 4. Nxd4 Nf6 5. Nc3 a6 6. Bg5 e6 7. f4 Qb6 8. Qd2
Qxb2 9. Nb3 Qa3 10. Bxf6 gxf6 11. Be2 Nc6 12. O-O Bd7 13. Nb1 Qb4 14. Qe3 Ne7
15. c3 Qa4 16. f5 Rc8 17. c4 Bg7 18. Qg3 Rg8 19. Nc3 Qb4 20. Rad1 Bh6 21. Qd3
Rc7 22. fxe6 fxe6 23. c5 dxc5 24. Qd6 Kd8 25. Rf3 Rg6 26. Kh1 f5 27. Nd4 Bg7
28. Ncb5 axb5 29. Nxb5 Qa5 30. Ra3 Nc8 31. Qf4 Qb6 32. exf5 exf5 33. Nxc7 Qb4
34. Rad3 Nd6 35. Nd5 Qxf4 36. Nxf4 Bd4 37. Nxg6 hxg6 38. Rxd4 cxd4 39. Rxd4 Ke7
40. a4 Bc6 41. Bf3 Bxf3 42. gxf3 g5 43. Kg2 Ke6 44. a5 Kd7 45. f4 g4 46. Kg3
1-0

[Event "7MCR_4D_1L_1S"]
[Site "?"]
[Date "2006.??.??"]
[Round "?"]
[White "Pecka, Josef"]
[Black "Necesany, Zdenek"]
[Result "1-0"]
[WhiteElo "2261"]
[BlackElo "2190"]
[PlyCount "115"]
[EventDate "2006.??.??"]
[EventType "corr"]

1. e4 e5 2. f4 exf4 3. Bc4 Nf6 4. Nc3 c6 5. Bb3 d5 6. exd5 Nxd5 7. Nxd5 cxd5 8.
d4 Qh4+ 9. Kf1 Be6 10. Nf3 Qf6 11. Qe2 Be7 12. Qb5+ Nd7 13. Bxd5 Qf5 14. Bc4
Bxc4+ 15. Qxc4 Nb6 16. Qe2 Rc8 17. c3 O-O 18. Qe5 Qd7 19. Qxf4 Rfe8 20. Kf2 Nd5
21. Qd2 Qf5 22. Re1 Bh4+ 23. g3 Bf6 24. Kg2 Qd7 25. Rxe8+ Rxe8 26. Qd3 Bd8 27.
Bd2 Nf6 28. Re1 Rxe1 29. Bxe1 Qa4 30. a3 Qb3 31. Qe2 a6 32. g4 h6 33. h3 b5 34.
Bh4 g5 35. Bg3 Qd5 36. Be5 Ne4 37. a4 Bf6 38. Bxf6 Nxf6 39. Qe5 Qc6 40. axb5
axb5 41. Qf5 Kg7 42. Kf2 Qa6 43. Nd2 Qd6 44. Nf1 Nd5 45. Ng3 Qe6 46. Qe4 Kf6
47. Qd3 Kg7 48. Nf5+ Kh7 49. Qxb5 Nf4 50. Ng3 Nxh3+ 51. Kf3 Nf4 52. Qf5+ Ng6
53. Qxe6 fxe6 54. b4 Kg7 55. b5 Kf8 56. c4 Ke7 57. c5 Nf4 58. b6 1-0

[Event "7MCR_4D_1L_1S"]
[Site "?"]
[Date "2006.??.??"]
[Round "?"]
[White "Pecka, Josef"]
[Black "Nedoma, Petr"]
[Result "1-0"]
[WhiteElo "2261"]
[BlackElo "2298"]
[PlyCount "119"]
[EventDate "2006.??.??"]
[EventType "corr"]

1. e4 c6 2. d4 d5 3. e5 Bf5 4. Ne2 e6 5. Ng3 Bg6 6. h4 h6 7. h5 Bh7 8. Bd3 Bxd3
9. cxd3 Qb6 10. Be3 Qxb2 11. Nd2 Qa3 12. Qe2 c5 13. O-O cxd4 14. Bxd4 Ne7 15.
Nb3 Nec6 16. Be3 Nd7 17. d4 Qe7 18. f4 Qh4 19. Rf3 g6 20. Qb5 Rb8 21. hxg6 fxg6
22. Na5 Nd8 23. Rc1 a6 24. Qb3 Qe7 25. Bd2 h5 26. Ne2 Kf7 27. Rc7 Rh7 28. Rg3
h4 29. Rg4 Qe8 30. Qd3 Rg7 31. Rxh4 Kg8 32. Rh2 b6 33. Nb3 Qe7 34. Qh3 Rb7 35.
Rc3 Rh7 36. Qg4 Qg7 37. Rxh7 Qxh7 38. Rh3 Qg7 39. f5 exf5 40. Qg3 Ne6 41. Qf3
Ba3 42. Qxd5 Ndf8 43. Qf3 Bb2 44. d5 Nc5 45. Nxc5 bxc5 46. e6 Bd4+ 47. Nxd4
Qxd4+ 48. Be3 Rb1+ 49. Kh2 Qa1 50. Qf4 Rh1+ 51. Kg3 Rf1 52. Bf2 Qg7 53. Qd6
Qc3+ 54. Kh2 Qc1 55. Re3 Rh1+ 56. Kg3 Qd1 57. Rf3 Qd2 58. Qf4 Qe2 59. Bxc5 Qd1
60. Qc7 1-0

[Event "7MCR_4D_1L_1S"]
[Site "?"]
[Date "2006.??.??"]
[Round "?"]
[White "Pecka, Josef"]
[Black "Nejtek, Jiri"]
[Result "0-1"]
[WhiteElo "2261"]
[BlackElo "2360"]
[PlyCount "72"]
[EventDate "2006.??.??"]
[EventType "corr"]

1. e4 c5 2. Nf3 d6 3. d4 cxd4 4. Nxd4 Nf6 5. Nc3 a6 6. Bg5 e6 7. f4 Qb6 8. Nb3
Nbd7 9. Qe2 Qc7 10. g4 b5 11. a3 Be7 12. Bg2 Rb8 13. O-O-O b4 14. axb4 Rxb4 15.
Kb1 O-O 16. Bh4 Nc5 17. Na2 Rb8 18. e5 Nd5 19. Bxe7 Qxe7 20. Nxc5 dxc5 21. Rhf1
a5 22. f5 a4 23. f6 Qc7 24. fxg7 Rd8 25. Rf3 c4 26. Ka1 a3 27. bxa3 c3 28. Rxd5
Rxd5 29. Rxc3 Rxe5 30. Qd2 Reb5 31. Nb4 Qxh2 32. Rh3 Qe5+ 33. Ka2 Ba6 34. Qh6
Qxg7 35. Qxg7+ Kxg7 36. Be4 Bb7 0-1

[Event "7MCR_4D_1L_1S"]
[Site "?"]
[Date "2006.??.??"]
[Round "?"]
[White "Pecka, Josef"]
[Black "Pytlik, Lesek"]
[Result "1/2-1/2"]
[WhiteElo "2261"]
[BlackElo "2387"]
[PlyCount "79"]
[EventDate "2006.??.??"]
[EventType "corr"]

1. e4 e6 2. d4 d5 3. Nc3 Bb4 4. e5 c5 5. a3 Ba5 6. b4 cxd4 7. Qg4 Ne7 8. bxa5
dxc3 9. Qxg7 Rg8 10. Qxh7 Nbc6 11. f4 Qxa5 12. Nf3 Bd7 13. Rb1 O-O-O 14. Qd3 a6
15. Rb3 d4 16. Nxd4 Nxd4 17. Qxd4 Nd5 18. Qc4+ Bc6 19. h4 Qc7 20. Qd4 Rg4 21.
Qf2 f6 22. Be2 Rgg8 23. exf6 Ba4 24. g4 Bxb3 25. cxb3 Nxf6 26. g5 c2 27. O-O
Qc3 28. Kh2 Rd3 29. Qe1 Rh3+ 30. Kg2 Qxe1 31. Rxe1 Rxh4 32. Kg3 Rh7 33. Bf3
Nh5+ 34. Kf2 Ng7 35. Re2 Nf5 36. Rxc2+ Kb8 37. Rd2 Rh2+ 38. Ke1 Rxd2 39. Kxd2
Rd8+ 40. Kc3 1/2-1/2

[Event "7MCR_4D_1L_1S"]
[Site "?"]
[Date "2006.??.??"]
[Round "?"]
[White "Pecka, Josef"]
[Black "Trs, Jan"]
[Result "1-0"]
[WhiteElo "2261"]
[BlackElo "2252"]
[PlyCount "99"]
[EventDate "2006.??.??"]
[EventType "corr"]

1. e4 c5 2. Nf3 d6 3. Bb5+ Bd7 4. Bxd7+ Qxd7 5. c4 Nc6 6. d4 cxd4 7. Nxd4 Nf6
8. Nc3 g6 9. O-O Bg7 10. Nde2 O-O 11. f3 a6 12. a4 Qd8 13. Be3 Qa5 14. Kh1 Nd7
15. Rc1 Rab8 16. f4 Nc5 17. f5 Qb4 18. Nf4 Qxb2 19. Nfd5 Bxc3 20. Nxc3 Rfd8 21.
Nd5 Qe5 22. f6 Nxe4 23. fxe7 Nxe7 24. Bd4 Qe6 25. Ba1 Nc6 26. Qe1 Re8 27. Rf4
f5 28. g4 Ne5 29. gxf5 gxf5 30. Qh4 Kh8 31. Qh3 Rbc8 32. Ne3 Rc7 33. Rg1 Rf7
34. Nxf5 Nf6 35. Rd1 Ne4 36. c5 Nxc5 37. Rxd6 Qc8 38. Qh5 Ncd3 39. Rf1 Qc4 40.
Qf3 Kg8 41. Qg3+ Kf8 42. Bd4 Ng6 43. Rxg6 Qd5+ 44. Qg2 Qxg2+ 45. Rxg2 Re4 46.
Bg7+ Rxg7 47. Rxg7 Rxa4 48. Rxb7 Rf4 49. Rxf4 Nxf4 50. Rxh7 1-0

[Event "7MCR_4D_1L_1S"]
[Site "?"]
[Date "2006.??.??"]
[Round "?"]
[White "Pytlik, Lesek"]
[Black "Hala, Martin"]
[Result "1/2-1/2"]
[WhiteElo "2387"]
[BlackElo "2368"]
[PlyCount "67"]
[EventDate "2006.??.??"]
[EventType "corr"]

1. e4 e5 2. Nf3 Nc6 3. Bc4 Nf6 4. d3 Be7 5. O-O O-O 6. a4 d5 7. exd5 Nxd5 8.
Re1 Bg4 9. h3 Bxf3 10. Qxf3 Nb6 11. Nd2 Nxc4 12. Nxc4 Re8 13. c3 a5 14. Bd2 Bc5
15. b3 Qd7 16. Rad1 Rad8 17. h4 f6 18. h5 Qf7 19. Bc1 Bf8 20. Bb2 Re7 21. d4
exd4 22. Rxe7 Bxe7 23. cxd4 Qd5 24. Qxd5+ Rxd5 25. g4 Nb4 26. Kg2 b6 27. Ne3
Rd8 28. Ba3 Kf7 29. Bxb4 Bxb4 30. f4 g6 31. Kf3 Rd7 32. hxg6+ hxg6 33. Ke4 c6
34. Rh1 1/2-1/2

[Event "7MCR_4D_1L_1S"]
[Site "?"]
[Date "2006.??.??"]
[Round "?"]
[White "Pytlik, Lesek"]
[Black "Hybl, Vladislav"]
[Result "1/2-1/2"]
[WhiteElo "2387"]
[BlackElo "2303"]
[PlyCount "50"]
[EventDate "2006.??.??"]
[EventType "corr"]

1. e4 e5 2. Nf3 Nc6 3. Bc4 Bc5 4. c3 Nf6 5. d3 a6 6. O-O d6 7. Nbd2 O-O 8. h3
Ba7 9. Bb3 h6 10. Re1 Nh5 11. Nc4 Qf6 12. Ne3 Nf4 13. Nd5 Nxd5 14. exd5 Ne7 15.
Be3 Bxe3 16. Rxe3 Bd7 17. d4 Nf5 18. Re1 exd4 19. cxd4 Ne7 20. Rc1 Rac8 21. Rc3
Ng6 22. Kh2 Nf4 23. Ng1 c6 24. Rf3 Qg5 25. Rg3 Qf6 1/2-1/2

[Event "7MCR_4D_1L_1S"]
[Site "?"]
[Date "2006.??.??"]
[Round "?"]
[White "Pytlik, Lesek"]
[Black "Leiner, Raimund"]
[Result "1/2-1/2"]
[WhiteElo "2387"]
[BlackElo "2317"]
[PlyCount "49"]
[EventDate "2006.??.??"]
[EventType "corr"]

1. e4 c5 2. Nf3 d6 3. d4 cxd4 4. Nxd4 Nf6 5. Nc3 a6 6. Bg5 e6 7. f4 Qb6 8. Nb3
Nbd7 9. Qf3 Be7 10. O-O-O Qc7 11. Bd3 b5 12. Kb1 Bb7 13. Rhe1 h6 14. Bxf6 Nxf6
15. a3 Rc8 16. f5 O-O 17. fxe6 fxe6 18. Nd4 Nxe4 19. Qg4 Nxc3+ 20. bxc3 Bf6 21.
Qg6 Bd5 22. Qh7+ Kf7 23. Nxe6 Bxe6 24. Qg6+ Kg8 25. Qh7+ 1/2-1/2

[Event "7MCR_4D_1L_1S"]
[Site "?"]
[Date "2006.??.??"]
[Round "?"]
[White "Pytlik, Lesek"]
[Black "Lounek, Jan"]
[Result "1-0"]
[WhiteElo "2387"]
[BlackElo "2422"]
[PlyCount "105"]
[EventDate "2006.??.??"]
[EventType "corr"]

1. e4 e6 2. d4 d5 3. Nd2 Nf6 4. e5 Nfd7 5. Bd3 c5 6. c3 Nc6 7. Ne2 cxd4 8. cxd4
f6 9. exf6 Nxf6 10. O-O Bd6 11. Nf3 O-O 12. Bf4 Bxf4 13. Nxf4 Ng4 14. Qd2 Qd6
15. g3 Bd7 16. Rfe1 Rae8 17. Ng5 g6 18. Be2 Nf6 19. Bf3 Kg7 20. Bg2 h6 21. Nf3
g5 22. Nd3 g4 23. Nfe5 Nxd4 24. Rac1 Rc8 25. Rxc8 Bxc8 26. Nf4 Nc6 27. Nxc6
Qxc6 28. Qd3 Qe8 29. Bxd5 Nxd5 30. Nxd5 e5 31. Qc3 Rf3 32. Nc7 Qh5 33. Qc5 b6
34. Qd5 Rf5 35. Nb5 Qf7 36. Qe4 Rf6 37. Rc1 Bf5 38. Qxe5 Qe6 39. Qd4 Qe4 40.
Qxe4 Bxe4 41. Rc7+ Kg6 42. Rxa7 Rc6 43. Nc3 Bf3 44. Rd7 Kf6 45. Kf1 Re6 46.
Nd5+ Ke5 47. Ne3 b5 48. Ke1 b4 49. Ra7 Kf6 50. Kd2 Rd6+ 51. Kc2 h5 52. Ra4 Be4+
53. Kb3 1-0